| 000 | 01037nam a22002415i 4500 | ||
|---|---|---|---|
| 001 | 153041 | ||
| 003 | ES-MaACL | ||
| 005 | 20250901063128.0 | ||
| 008 | 950206s1796 sp |||| | spa d | ||
| 040 | _aCAV | ||
| 100 | 1 |
_aCaussin, Nicolas, _d1583-1651 _9126402 |
|
| 245 | 1 | 3 |
_aLa Corte Santa / _cdel Padre Nicolas Causino ; traducida del frances al castellano por ... Francisco Cruzado ; nueuamente corregida por ... Benito Francisco de Castro y Barbeyto ... ; tercera parte. |
| 260 |
_aMadrid : _ben la Imprenta Real, _c1796. |
||
| 300 |
_a[16], 422 p. ; _c4º. |
||
| 597 | _aSign.: *8, A-Z8, 2A-2C8, 2D3. | ||
| 597 | _aPort. con marca tip. | ||
| 650 |
_aMoral cristiana- _vObras anteriores a 1800. _9144661 |
||
| 700 | 1 | 1 |
_aCastro y Barbeyto, Benito Francisco de. _936964 |
| 700 | 1 |
_aCruzado y Aragón, Francisco Antonio. _9126648 |
|
| 852 |
_aES-MaACL _jR-1147 _z-- Enc. piel con hierros dorados _d-- Olim: G-10842 _x-- Edic.: 16, 422 p. -- Port. con escudo real |
||
| 999 |
_c153041 _d153041 |
||